| 000 | 00523nam a2200169 a 4500 | ||
|---|---|---|---|
| 001 | 5381 | ||
| 003 | CDMR | ||
| 005 | 20130228165331.0 | ||
| 008 | 130130s1998||||||||||||||||||||||||||||d | ||
| 020 | _a8445322468 | ||
| 040 |
_aCDMR _bcat _cCDMR |
||
| 111 | 2 |
_93020 _aOutono Fotográfico _cOurense _d1998 _n14è |
|
| 245 | 1 | 0 |
_aOutono Fotográfico 1998 _b: XIV Concurso Galego de Fotografía Xuventude 98 |
| 260 |
_aOurense _c1998 _bXunta de Galicia |
||
| 500 | _aCatàleg de les exposicións de l'edició de 1998 | ||
| 942 |
_cMON _2ddc |
||
| 999 |
_c5381 _d5381 |
||